000 00796cam a2200193 4500
001 X124557
008 031203n2003 000 0 eng u
035 _a(Sirsi) u124557
110 _aRoyal Institution of Chartered Surveyors
_94900
245 _aChartered surveyors and professional fees
260 _c2003
520 _aA short feature, written in plain English and aimed at the general public, on fees. Outlines the history of RICS recommended fee scales, the reason for their withdrawal and what information and guidance clients can expect from their chartered surveyor on fees.
650 _aSURVEYORS' FEES
650 _aFEE SCALES
650 _aPROFESSIONAL CHARGES
650 _aPROFESSIONAL FEES
690 _aMANAGEMENT-BUSINESS MANAGEMENT-PROFESSIONAL PRACTICE
942 _n0
999 _c73920
_d73920